Protagonists by Novel Quiz Stats

 Plays Quiz Updated Jan 19, 2013

Challenge
Share
Tweet
Embed
Score 0/36 Timer 06:00
5 Plays Today
Novel Protagonist % Correct
The HobbitBilbo Baggins
86.5%
The Wonderful Wizard of OzDorothy Gale
81.5%
A Christmas CarolEbenezer Scrooge
77.2%
Casino RoyaleJames Bond
75%
The Jungle BookMowgli
70.2%
Gone with the WindScarlett O'Hara
67.7%
To Kill a MockingbirdScout Finch
67.1%
Through the Looking-GlassAlice
63.4%
The Hound of the BaskervillesDr. John Watson
57.9%
Charlie and the Chocolate FactoryCharlie Bucket
53.9%
The Catcher in the RyeHolden Caulfield
49.9%
Les MisérablesJean Valjean
49.7%
The Silence of the LambsClarice Starling
48.7%
Pride and PrejudiceElizabeth Bennet
46.6%
The Scarlet LetterHester Prynne
44.7%
The Da Vinci CodeRobert Langdon
33.6%
Murder on the Orient ExpressHercule Poirot
33.5%
Nineteen Eighty-FourWinston Smith
27.6%
Novel Protagonist % Correct
LolitaHumbert Humbert
26%
The Maltese FalconSam Spade
25.6%
The Grapes of WrathTom Joad
25.6%
The ShiningJack Torrance
24.2%
Treasure IslandJim Hawkins
23.2%
The Hunt for Red OctoberJack Ryan
22.6%
Around the World in 80 DaysPhileas Fogg
19.6%
The Lord of the FliesRalph
19.4%
Slaughterhouse-FiveBilly Pilgrim
18.2%
The Count of Monte CristoEdmond Dantès
18.2%
American PsychoPatrick Bateman
18.1%
Fahrenheit 451Guy Montag
17.4%
Ender's GameEnder Wiggin
14%
The MetamorphosisGregor Samsa
13.9%
Last of the MohicansHawkeye
13.2%
UlyssesLeopold Bloom
12%
Do Androids Dream of Electric Sheep?Rick Deckard
9%
The Pilgrim's ProgressChristian
7.3%

You're not logged in!

Compare scores with friends on all Sporcle quizzes.
OR
Log In

You Might Also Like...

Show Comments

Extras

Top Quizzes Today


Score Distribution

Your Account Isn't Verified!

In order to create a playlist on Sporcle, you need to verify the email address you used during registration. Go to your Sporcle Settings to finish the process.

Report this User

Report this user for behavior that violates our Community Guidelines.

Details: